Giải quyết tranh chấp

Gorde:
Xehetasun bibliografikoak
Egile nagusia: Dana, Danel
Formatua: Liburua
Hizkuntza:Undetermined
Argitaratua: Hà Nội Thống Kê 2004
Gaiak:
Etiketak: Etiketa erantsi
Etiketarik gabe, Izan zaitez lehena erregistro honi etiketa jartzen!
Thư viện lưu trữ: Trung tâm Học liệu Trường Đại học Cần Thơ
LEADER 00551nam a2200193Ia 4500
001 CTU_74163
008 210402s9999 xx 000 0 und d
020 |b 32000 
082 |a 658 
082 |b D167 
100 |a Dana, Danel 
245 0 |a Giải quyết tranh chấp 
245 0 |c Danel Dana ; Nguyễn Hữu Tiến, Đặng Xuân Nam (dịch) 
260 |a Hà Nội 
260 |b Thống Kê 
260 |c 2004 
650 |a Management 
904 |i Nguyên, Qhieu 
980 |a Trung tâm Học liệu Trường Đại học Cần Thơ